Complex analysis and applications (Record no. 7589)
[ view plain ]
| 000 -LEADER | |
|---|---|
| fixed length control field | 00467 a2200169 4500 |
| 020 ## - INTERNATIONAL STANDARD BOOK NUMBER | |
| International Standard Book Number | 158488553X |
| 040 ## - CATALOGING SOURCE | |
| Original cataloging agency | DLC |
| Language of cataloging | DLC |
| 082 ## - DEWEY DECIMAL CLASSIFICATION NUMBER | |
| Classification number | 515.9 |
| 100 1# - MAIN ENTRY--PERSONAL NAME | |
| Personal name | Jeffrey, Alan. |
| 245 10 - TITLE STATEMENT | |
| Title | Complex analysis and applications |
| Statement of responsibility, etc. | Alan Jeffrey. |
| 250 ## - EDITION STATEMENT | |
| Edition statement | 2nd ed. |
| 260 ## - PUBLICATION, DISTRIBUTION, ETC. | |
| Place of publication, distribution, etc. | Boca Raton : |
| Name of publisher, distributor, etc. | Taylor & Francis, |
| Date of publication, distribution, etc. | c2006. |
| 300 ## - PHYSICAL DESCRIPTION | |
| Extent | 581 p. : |
| Other physical details | ill. ; |
| Dimensions | 25 cm. |
| 650 #0 - SUBJECT ADDED ENTRY--TOPICAL TERM | |
| Topical term or geographic name entry element | Functions of complex variables. |
| 650 #0 - SUBJECT ADDED ENTRY--TOPICAL TERM | |
| Topical term or geographic name entry element | Mathematical analysis. |
| 942 ## - ADDED ENTRY ELEMENTS (KOHA) | |
| Koha item type | Book |
| Call number prefix | 515.9 JEF |
| Source of classification or shelving scheme | |
| Withdrawn status | Lost status | Damaged status | Not for loan | Collection code | Permanent Location | Current Location | Shelving location | Date acquired | Source of acquisition | Cost, normal purchase price | Total Checkouts | Total Renewals | Full call number | Barcode | Checked out | Date last seen | Date last checked out | Price effective from | Koha item type |
|---|---|---|---|---|---|---|---|---|---|---|---|---|---|---|---|---|---|---|---|
| Central Library (CL) | Central Library (CL) | General Stacks | 05/17/2006 | Allied Book Company | 4495.63 | 2 | 2 | 515.9 JEF | SEECS007290 | 04/08/2026 | 09/05/2023 | 08/22/2019 | 01/05/2017 | Book | |||||
| Central Library (CL) | Central Library (CL) | General Stacks | 06/09/2006 | A&J DEF Tek Consultant | 4495.63 | 3 | 515.9 JEF | SEECS007424 | 02/26/2025 | 02/07/2022 | 01/05/2017 | Book | |||||||
| Central Library (CL) | Central Library (CL) | General Stacks | 05/17/2006 | Allied Book Company | 4495.63 | 1 | 515.9 JEF | SEECS007291 | 01/25/2020 | 09/22/2015 | 01/05/2017 | Book |
